000 00855cab a2200217 4500
001 ABS39354
008 090401t1988 xxu||||| |||| 00| 0 eng d
035 _a(Sirsi) u16104
041 _aeng
100 _aWeatherhead, P.
245 _aDigging for City deposits
260 _c1988
350 _a0
490 _aBuilding
_v253(7551) 10 June 1988, 36-38(3)
520 _aFocuses on the changing relationship between archaeologists and developers in the City of London , describing how archaeology has become an accepted part of the development process. Indicates the trend for developers to accept a financial commitment which means that archaeologists are better placed to proceed with the excavation of sites.
650 _aGUILDHALL
650 _aMUSEUM OF LONDON
690 _aPLANNING LAW AND PRACTICE
942 _n0
948 _c04/03/1997
999 _c10589
_d10589